|
|
|
|
| LEADER |
02184nam a2200529 ia4500 |
| 001 |
nkc20193131656 |
| 003 |
CZ PrNK |
| 005 |
20200724085024.0 |
| 007 |
ta |
| 008 |
190905m20132018xr a c 000 f cze |
| 015 |
|
|
|a cnb003131656
|z cnb002541937
|
| 020 |
|
|
|a 978-80-87060-83-4
|q (kniha první ;
|q brožováno)
|
| 020 |
|
|
|a 978-80-7515-092-9
|q (kniha druhá ;
|q brožováno)
|
| 035 |
|
|
|a (OCoLC)1122794126
|
| 035 |
|
|
|a (OCoLC)876341596
|
| 040 |
|
|
|a ABA001
|b cze
|e rda
|
| 072 |
|
7 |
|a 821.162.3-3
|x Česká próza
|2 Konspekt
|9 25
|
| 072 |
|
7 |
|a 821-93
|x Literatura pro děti a mládež (beletrie)
|2 Konspekt
|9 26
|
| 080 |
|
|
|a 821.162.3-31
|2 MRF
|
| 080 |
|
|
|a 821-93
|2 MRF
|
| 080 |
|
|
|a (0:82-312.4)
|2 MRF
|
| 100 |
1 |
|
|a Englmaierová, Ivana B.,
|d 1971-
|7 hka2009498711
|4 aut
|
| 245 |
1 |
0 |
|a Srdcový erb /
|c Ivana B. Englmaierová ; ilustrovala Fany Lachmanová
|
| 250 |
|
|
|a 1. vydání
|
| 264 |
|
1 |
|a Praha :
|b Baobab,
|c 2013-2018
|
| 300 |
|
|
|a 2 svazky (611 stran) :
|b ilustrace ;
|c 23 cm
|
| 336 |
|
|
|a text
|b txt
|2 rdacontent
|
| 337 |
|
|
|a bez média
|b n
|2 rdamedia
|
| 338 |
|
|
|a svazek
|b nc
|2 rdacarrier
|
| 500 |
|
|
|a V 2. knize uvedeno jméno ilustrátorky: Františka Loubat
|
| 521 |
8 |
|
|a Pro čtenáře od 9 let
|
| 655 |
|
7 |
|a české romány
|7 fd133974
|2 czenas
|
| 655 |
|
7 |
|a detektivní romány
|7 fd132010
|2 czenas
|
| 655 |
|
7 |
|a publikace pro děti
|7 fd133156
|2 czenas
|
| 655 |
|
9 |
|a Czech fiction
|2 eczenas
|
| 655 |
|
9 |
|a detective novels
|2 eczenas
|
| 655 |
|
9 |
|a children's literature
|2 eczenas
|
| 700 |
1 |
|
|a Loubat, Františka,
|d 1986-
|7 jo2010568594
|4 ill
|
| 910 |
2 |
|
|a BOA001
|b 2-1319.462
|s 1-2
|
| 928 |
9 |
|
|a Baobab&GplusG
|
| 990 |
|
|
|a BK
|
| 995 |
|
|
|a 01
|
| 991 |
|
|
|b 201402
|e db
|
| 996 |
6 |
|
|b 2610579508
|c 2-1319.462
|d Kniha první
|v 1
|l MZK
|r Sklad / do 1 hodiny
|n 1
|p p.v.
|w 001398082
|u 000010
|a 1
|e BOA001
|j MZK50
|s P
|
| 996 |
6 |
|
|b 2610801332
|c 2-1319.462
|d Kniha druhá
|v 2
|l MZK
|r Sklad / do 1 hodiny
|n 0
|p p.v.
|w 001398082
|u 000020
|a 1
|e BOA001
|j MZK50
|s P
|
| 996 |
3 |
|
|b 2610833203
|c 2-1319.462
|d Kniha první
|v 1
|l MZK
|r CLC
|n 0
|p kup ; Praha
|w 001398082
|u 000030
|a 1
|e BOA001
|j MZK50
|s N
|
| 996 |
3 |
|
|b 2610833204
|c 2-1319.462
|d Kniha druhá
|v 2
|l MZK
|r CLC
|n 0
|p kup ; Praha
|w 001398082
|u 000040
|a 1
|e BOA001
|j MZK50
|s N
|